00273nam a2200109 a 4500008004100000100002900041245004000070260002700110020000700137041000800144044001100152101209s1991|||| d1 aKandráčová, Monika10aNa Ľevockej hure dzvon še oziva bA.R.I.aPrešovc1991 c10 aslo axocSK